00290nam a2200073Ia 4500008004100000082001500041100001400056245014600070240331s9999 xx 000 0 und d a297.5bTHO aThomas, P 0aHindu religion ,customs and manners :bDescribing the Customs and Manners, Religion, Social and Domestic life,Arts and Sciences of the Hindus